000 00815cab a2200169 4500
001 ##L133347
008 060503n2006 000 0 eng u
035 _a(Sirsi) u133347
041 0 _aeng
100 1 _aMcCormick, Helen
245 0 0 _aBack on course
260 _c2006
490 0 _aContract Journal
_v433(6571) 20 April 2006, 22-23(2)
520 _aReports on the restoration of the Huddersfield Narrow Canal, carried out under a framework contract which covers the maintenance and upgrade of the entire canal network in northern England. The work involved excavation of the canal bed, installation of a drainage blanket and impermeable liner, rebuilding of washwalls, towpath construction and reinstatement.
690 _aPROPERTY-INFRASTRUCTURE-WATER TRANSPORT AND PROTECTION INFRASTRUCTURE
942 _n0
999 _c76947
_d76947